000 00906cab a2200277 4500
001 ABS52890
008 090401t1995 xxu||||| |||| 00| 0 eng d
035 _a(Sirsi) u699
041 _aeng
100 _aKirkwood, J.
245 _aLandMaster
260 _c1995
350 _a0
490 _aEstates Gazette
_v(9518) 6 May 1995, 60-62(3)
520 _aReviews Financial and Property Software`s LandMaster system which enables users to store and retrieve details of properties, headleases, units and occupational leases plus related information.
650 _aESTATE AGENCY
650 _aFINANCIAL AND PROPERTY SOFTWARE
650 _aINFORMATION SYSTEMS
650 _aLANDMASTER
650 _aPROPERTY DATABASES
650 _aProperty management
_96262
650 _aSOFTWARE PACKAGES
690 _aMANAGEMENT-BUSINESS MANAGEMENT-INFORMATION MANAGEMENT
942 _n0
948 _c04/03/1997
999 _c359
_d359